书目信息 |
| 题名: |
当代艺术家
|
|
| 作者: | 陈平 , 卢家华 主编 ;章晓明 编著 | |
| 分册: | 章晓明 | |
| 出版信息: | 济南 山东美术出版社 2012.12 |
|
| 页数: | 155页 | |
| 开本: | 29cm | |
| 丛书名: | ||
| 单 册: | ||
| 中图分类: | J121 , J223.8 | |
| 科图分类: | ||
| 主题词: | 美术--作品集--中国--现代 , 油画--作品集--中国--现代 , 美术 , 油画 | |
| 电子资源: | ||
| ISBN: | 978-7-5330-4044-4 | |
| 000 | 01015nam0 2200313 450 | |
| 001 | 0000500021722 | |
| 005 | 20140612091328.26 | |
| 010 | @a978-7-5330-4044-4@dCNY90.00 | |
| 100 | @a20130110d2012 em y0chiy50 ea | |
| 101 | 0 | @achi |
| 102 | @aCN@b370000 | |
| 105 | @aa z 000yy | |
| 106 | @ar | |
| 200 | 1 | @a当代艺术家@9dang dai yi shu jia@dContemporary Artists@i章晓明@f陈平,卢家华主编@g章晓明编著@zeng |
| 210 | @a济南@c山东美术出版社@d2012.12 | |
| 215 | @a155页@c图,照片@d29cm | |
| 330 | @a本书主要内容包括:晴雨伞、鲜花、钥匙夹、莲藕、青椒红了、七根黄瓜、桂鱼、大葱与百合、画刀与颜料、画室元素等。 | |
| 510 | 1 | @aContemporary Artists@zeng |
| 606 | 0 | @a美术@x作品集@y中国@z现代 |
| 606 | 0 | @a油画@x作品集@y中国@z现代 |
| 606 | 0 | @a美术 |
| 606 | 0 | @a油画 |
| 690 | @aJ121@v5 | |
| 690 | @aJ223.8@v5 | |
| 701 | 0 | @a陈平@9chen ping@4主编 |
| 701 | 0 | @a卢家华@9lu jia hua@4主编 |
| 702 | 0 | @a章晓明@9zhang xiao ming@4编著 |
| 801 | 0 | @aCN@bRENTIAN@c20130110 |
| 905 | @b549777-79@dJ121@e110@f3 | |
| 当代艺术家=Contemporary Artists.章晓明/陈平,卢家华主编/章晓明编著.-济南:山东美术出版社,2012.12 |
| 155页:图,照片;29cm |
| ISBN 978-7-5330-4044-4:CNY90.00 |
| 本书主要内容包括:晴雨伞、鲜花、钥匙夹、莲藕、青椒红了、七根黄瓜、桂鱼、大葱与百合、画刀与颜料、画室元素等。 |
| ● |
| 相关链接 |
|
|
|
|
正题名:当代艺术家
索取号:J121/110
 
预约/预借
| 序号 | 登录号 | 条形码 | 馆藏地/架位号 | 状态 | 备注 |
| 1 | 549777 | 205497773 | 第一样本阅览室/ [索取号:J121/110] | 在馆 | |
| 2 | 549778 | 205497782 | 第一借阅区/ [索取号:J121/110] | 在馆 | |
| 3 | 549779 | 205497791 | 第一借阅区/ [索取号:J121/110] | 在馆 |